Регионална библиотека "Любен Каравелов" - Русе

И след това... (Запис номер 63871)

MARC детайли
000 -Лидер
Контролно поле с фиксирана дължина 01127nam a2200337 c 4500
003 - Код на организацията, давaща контролен номер
Контролно поле BLK
005 - Дата и час на последна редакция
Контролно поле 20240126162317.0
008 - Елементи от данни с фиксирана дължина
fixed length control field 180408b bul|||||r ||||||| ||bul||
010 ## - Наследен системен номер
LC control number KNG00068130000
020 ## - Международен стандартен номер на книга ISBN
Международен стандартен номер на книга ISBN 954-321-104-3
040 ## - Източник на каталожния запис
Идентификатор на билиотеката - собственик на записа BLK
041 ## - Код за език
Код за езика на текст/звукозапис или на отделно заглавие Български
Код за езика КДБФ Български
080 ## - УДК
Текстов определител УДК Френска литература
УДК код - определител по УДК 821.133.1
УДК определител -31
УДК - код + определител 821.133.1-31
100 1# - Редна дума - Автор
Автор Мюсо, Гийом
Авторска отговорност първи автор
R(LIN) 291666
139 ## - Редно поле
Редна дума Мюсо, Гийом
Авторски знак Мю - М 98
245 10 - Сведения за заглавието
Заглавие И след това...
Подзаглавни данни Роман
Редно поле (дума) Гийом Мюсо; прев. от фр. Владимир Атанасов.
257 ## - Страна на издаване
Страна на създаване/издаване Франция
260 ## - Област на издателските данни
Място на издаване, разпространение и проч. София
Име на издателя, разпространителя и проч. Изток-Запад
Година на издаване 2005
300 ## - Физическа характеристика
Страници 352 с.
Размери/Мащаб 20 см
380 ## - Жанр
Жанр Худож. лит.
500 ## - Общи забележки
Забележка Прев. по Et apres... / Guillaume Mussoдоп.- Доп. тир.2014
700 1# - Други автори (авторска отговорност)
Лично име Атанасов, Владимир
Автороска отговорност (Описва отношението между автора и произведението) прев. от фр.
9 (RLIN) 366818
852 ## - Местоположение
Форматна сигнатура Цб 229191
856 4# - Електронен адрес и достъп
Електронен формат pdf - файл
856 4# - Електронен адрес и достъп
Електронен формат pdf - файл
999 ## - СИСТЕМНИ КОНТРОЛНИ НОМЕРА
Koha biblionumber 63871
Koha biblioitemnumber 63871
942 ## - АРТИКУЛИ
Вид на библиотечния материал Книги
Скрит в OPAC Не
Koha issues (borrowed), all copies 47
Периодичен библиозапис Да
944 ## - СЪЗДАВАНЕ И РЕДАКЦИЯ на ЗАПИСА
Създаване/Редакция Създаване
Дата на регистрацията/редакция 25.09.2006
Служител, извършил регистрацията/редакцията 30531
Статус, дата на статуса Цветелина Шанова
944 ## - СЪЗДАВАНЕ И РЕДАКЦИЯ на ЗАПИСА
Създаване/Редакция Редакция
Дата на регистрацията/редакция 03.10.2006
999 ## - СИСТЕМНИ КОНТРОЛНИ НОМЕРА
Koha biblioitemnumber 63871
999 ## - СИСТЕМНИ КОНТРОЛНИ НОМЕРА
Koha biblioitemnumber 63871
Наличности
Код за отписване Код за изгубен артикул Код за повреда Коз за рестрикции Код за отдаване Артикулен № Име на библиотеката - собственик Име на библиотеката, в която се намира в момента Статус (Текущо местоположение) Дата на вписване в системата Местоположение - отдел Цена в лева Инвентарен номер Систематично азбучна сигнатура Баркод Номер на екземпляра Цена в евро Служебна бележка Служебен тип на артикула Източник на класификационната схема
  Не е изгубен Не е повреден без рестрикции ползва се в читалня 105912 Регионална библиотека "Любен Каравелов" Русе Регионална библиотека "Любен Каравелов" Русе Хранилище 2006-09-25 Хранилище 11.00 120000705328 Цб 229191 120000705328 1 5.62 Дост: Dp Вид: Д N: 39 Дата: 14.09.2005 Книги  
Изтеглен Не е изгубен Не е повреден   заемане за дома 721578 Регионална библиотека "Любен Каравелов" Русе Регионална библиотека "Любен Каравелов" Русе Заемна - подръчен фонд 2019-06-12 Заемна - подръчен фонд 8.26   П 840-31/М 98 120000832912   4.22   Книги Universal Decimal Classification
Изтеглен Не е изгубен Повреден без рестрикции заемане за дома 799390 Регионална библиотека "Любен Каравелов" Русе Регионална библиотека "Любен Каравелов" Русе Заемна - подръчен фонд 2020-09-17 Заемна - подръчен фонд 7.70   821-31/М 98 Г 120000846622   3.94   Книги Universal Decimal Classification
  Не е изгубен Не е повреден без рестрикции заемане за дома 799391 Регионална библиотека "Любен Каравелов" Русе Регионална библиотека "Любен Каравелов" Русе Количка 2020-09-17 Заемна - подръчен фонд 7.70   821-31/М 98 Г 120000846621   3.94   Книги Universal Decimal Classification
Vip Innovations Ltd, Rousse, Bulgaria 2025